Tuyển tập tác phẩm Truyển cổ tích

Gorde:
Xehetasun bibliografikoak
Egile nagusia: Alexander Pushkin
Formatua: Liburua
Hizkuntza:Undetermined
Argitaratua: Hà Nội Văn Học 1999
Gaiak:
Etiketak: Etiketa erantsi
Etiketarik gabe, Izan zaitez lehena erregistro honi etiketa jartzen!
Thư viện lưu trữ: Trung tâm Học liệu Trường Đại học Cần Thơ
LEADER 00567nam a2200181Ia 4500
001 CTU_34429
008 210402s9999 xx 000 0 und d
082 |a 891.73 
082 |b P987e 
100 |a Alexander Pushkin 
245 0 |a Tuyển tập tác phẩm 
245 0 |b Truyển cổ tích 
245 0 |c Alexander Pushkin 
260 |a Hà Nội 
260 |b Văn Học 
260 |c 1999 
650 |a russian fiction - collection,russian literature - 19th century,short stories, russian 
980 |a Trung tâm Học liệu Trường Đại học Cần Thơ